000 00331nam a2200133Ia 4500
008 220204s9999 xx 000 0 und d
082 _a330.34
_bKIN
100 _aKINDLEBERGER, Charles P
245 0 _aEconomic development
250 _aEd.2
260 _aTokyo
_bMcGraw Hill
_c1965
650 _aEconomic development
942 _cBK
999 _c23669
_d23669